• 首页
  • 本馆介绍
  • 公告通知
  • 最新文献
  • 馆藏检索
  • 电子资源
  • 读者导购
  • 参考咨询
  • 我的图书馆
  • 登录
  • 详细信息显示
  • 放入我的书架
  • 预约/预借图书
  • 作者相关作品
  • 分类相关作品
  • 丛书相关作品
  • 出版社相关作品

书目信息

  • 表格格式
  • 工作单格式
  • 卡片格式
题名:
竹笛精品课程新编
    
 
作者: 詹永明 编著
分册: 第一册  
出版信息: 上海   上海音乐出版社  2018
页数: 210页
开本: 31cm
丛书名:
单 册:
中图分类: J632.11
科图分类:
主题词: 笛子--di zi--吹奏法--高等学校--教材
电子资源:
ISBN: 978-7-5523-1634-6
000 00982nam0 2200253 450
001 012001009588
005 20191107111523.59
010    @a978-7-5523-1634-6@dCNY78.00
099    @aCAL 012019068316
100    @a20190527d2018 em y0chiy50 ea
101 0  @achi
102    @aCN@b310000
105    @ag z 000yy
106    @ar
200 1  @a竹笛精品课程新编@Azhu di jing pin ke cheng xin bian@h第一册@f詹永明编著
210    @a上海@c上海音乐出版社@c上海文艺音像电子出版社@d2018
215    @a210页@c乐谱@d31cm@e简谱分册一本 (45页 ; 31cm)
300    @a上海高校高峰高原新型学科(课程)建设,上海音乐学院民族管乐团队项目
330    @a本书选录了艺术院校竹笛专业本科主干课中所必修的部分原创与改编的经典独奏曲目,包含有独奏谱、钢琴伴奏谱、乐队谱三个版本,并采用简谱和五线谱两种形式呈现。
606 0  @a笛子@Adi zi@x吹奏法@x高等学校@x教材
690    @aJ632.11@v5
701  0 @a詹永明@Azhan yong ming@4编著
801  0 @aCN@b上海新华@c20191020
905    @b1188769-72@dJ632.11@e161:1@f4
    
    竹笛精品课程新编.第一册/詹永明编著.-上海:上海音乐出版社:上海文艺音像电子出版社,2018
    210页:乐谱;31cm+简谱分册一本 (45页 ; 31cm)
    上海高校高峰高原新型学科(课程)建设,上海音乐学院民族管乐团队项目
    
    ISBN 978-7-5523-1634-6:CNY78.00
    本书选录了艺术院校竹笛专业本科主干课中所必修的部分原创与改编的经典独奏曲目,包含有独奏谱、钢琴伴奏谱、乐队谱三个版本,并采用简谱和五线谱两种形式呈现。
●
相关链接 在E读中查询图书 在五车中查询图书 在当当中查询图书 在豆瓣中查询图书


正题名:竹笛精品课程新编     索取号:J632.11/161:1         预约/预借

序号 登录号 条形码 馆藏地/架位号 状态 备注
1 1188769   211887699   第一样本阅览室/ [索取号:J632.11/161:1] 在馆    
2 1188770   211887706   第一借阅区/ [索取号:J632.11/161:1] 在馆    
3 1188771   211887715   第一借阅区/ [索取号:J632.11/161:1] 在馆    
4 1188772   211887724   第一借阅区/ [索取号:J632.11/161:1] 在馆    
唐山师范学院图书馆 欢迎您!
大连网信软件有限公司© 版权所有